Statistics for NBA Finals Leaders By Year

Click here to take the quiz!

General Stats

  • This quiz has been taken 35 times
    (5 since last reset)
  • The average score is 82 of 121

Answer Stats

Player % Correct
Anthony Davis
100%
Danny Green
100%
Karl Malone
100%
Scottie Pippen
100%
Dennis Rodman
100%
Michael Jordan
100%
Hakeem Olajuwon
100%
Patrick Ewing
100%
LeBron James
100%
David Robinson
100%
Kevin Love
100%
Horace Grant
100%
Isiah Thomas
100%
Kevin McHale
100%
Larry Bird
100%
Moses Malone
100%
Julius Erving
100%
John Stockton
100%
Avery Johnson
100%
Kareem Abdul-Jabbar
100%
Tony Parker
100%
Pau Gasol
100%
Dwight Howard
100%
Jason Kidd
100%
Rajon Rondo
100%
Kevin Garnett
100%
Dwyane Wade
100%
Tim Duncan
100%
Mark Jackson
100%
Manu GinĂ³bili
100%
Chauncey Billups
100%
Kobe Bryant
100%
Shaquille O'Neal
100%
Robert Horry
100%
Allen Iverson
100%
Mario Chalmers
100%
Magic Johnson
100%
Dirk Nowitzki
100%
George Johnson
100%
Wilt Chamberlain
100%
John Havlicek
100%
Bill Russell
100%
Serge Ibaka
100%
Stephen Curry
100%
Bob Cousy
100%
Kawhi Leonard
100%
Bob Pettit
100%
Jimmy Butler
100%
Draymond Green
100%
Kevin Durant
100%
John Johnson
100%
Dennis Johnson
100%
Jerry West
100%
Jack Sikma
75%
Rick Barry
75%
Walt Frazier
75%
Rasheed Wallace
75%
Gail Goodrich
75%
Chris Bosh
75%
Jo Jo White
75%
Ben Wallace
75%
Jason Williams
75%
Paul Arizin
75%
George Mikan
75%
Gary Payton
75%
Gus Williams
75%
Penny Hardaway
75%
Bill Laimbeer
75%
Timofey Mozgov
75%
Robert Parish
75%
Wes Unseld
75%
Dave Cowens
75%
Tyson Chandler
75%
Elvin Hayes
75%
James Worthy
75%
Joe Dumars
75%
Charles Barkley
75%
Bill Walton
75%
Tayshaun Prince
50%
Dolph Schayes
50%
Maurice Cheeks
50%
Lamar Odom
50%
Shawn Kemp
50%
Alonzo Mourning
50%
Elgin Baylor
50%
Byron Scott
50%
Kevin Porter
50%
K.C. Jones
50%
Terry Porter
50%
Michael Cooper
50%
Eric Snow
50%
Oscar Robertson
50%
Boris Diaw
50%
Charlie Scott
50%
Jack Coleman
25%
Norm Nixon
25%
Ron Harper
25%
Tom Heinsohn
25%
Jack George
25%
Andrew Toney
25%
Cliff Hagan
25%
John Salley
25%
Derek Harper
25%
George Yardley
25%
Dick McGuire
0%
Trevor Ariza
0%
Daniel Gibson
0%
Raja Bell
0%
Aaron McKie
0%
Charlie Ward
0%
Dan Majerle
0%
Jerome Kersey
0%
Arnie Risen
0%
Lionel Hollins
0%
Marvin Webster
0%
Tom Henderson
0%
Alvan Adams
0%
Gar Heard
0%
Don Chaney
0%
Andy Phillip
0%
Vlade Divac
0%

Score Distribution

Percentile by Number Answered

Percent of People with Each Score

Your Score History

You have not taken this quiz since the last reset